000 00766nam a2200205 u 4500
005 20251004063922.0
020 _a8496571327 (10 dígitos)
020 _a9788496571327 (13 dígitos)
035 _aUPN01000167963
049 _aCG
050 4 _aLC191.8 A7
_bV5.6
245 0 3 _aLa vinculación universidad-empresa :
_bmiradas críticas desde la universidad pública /
_cSilvia Llomovatte ... [et al.].
260 _aBuenos Aires :
_bMiño y Dávila,
_cc2006.
300 _a286 p. :
_bcuadros, gráfs.
440 0 _aLibro del laboratorio de políticas públicas
650 4 _aSOCIOLOGIA DE LA EDUCACION -
_zARGENTINA
_912054
650 2 _aPrivatización en la educación -
_zArgentina
_914582
700 1 _aLlomovatte, Silvia Yolanda,
_ecoaut.
_941545
905 _aLibro
999 _c140072
_d140072